|
|
|
|
| LEADER |
00000naa2a2200000 4500 |
| 001 |
603058 |
| 005 |
20260224125721.0 |
| 035 |
|
|
|a (RuTPU)RU\TPU\conf\197
|
| 035 |
|
|
|a RU\TPU\conf\177
|
| 090 |
|
|
|a 603058
|
| 100 |
|
|
|a 20131206d2013 k y0rusy50 ca
|
| 101 |
0 |
|
|a rus
|
| 102 |
|
|
|a RU
|
| 135 |
|
|
|a drcn ---uucaa
|
| 181 |
|
0 |
|a i
|
| 182 |
|
0 |
|a b
|
| 200 |
1 |
|
|a Применение методов статистического анализа в задаче выявления особенностей различных форм бронхиальной астмы
|f Ю. Д. Мельникова
|
| 203 |
|
|
|a Текст
|c электронный
|
| 225 |
1 |
|
|a Математическое моделирование и технологии высокопроизводительных вычислени
|
| 300 |
|
|
|a Заглавие с титульного листа.
|
| 320 |
|
|
|a [Библиогр.: с. 97 (3 назв.)
|
| 330 |
|
|
|a The goal of this work was to identify if psychological and physiological indices of bronchial asthma patients with different types of diagnosis before and after audio-visual stimulation are different or not.That is, there is a task ofestimating authenticity of statistical differences, using one of statistical criterias- Wilcoxon criteria.
|
| 337 |
|
|
|a Adobe Reader
|
| 463 |
|
1 |
|0 (RuTPU)RU\TPU\conf\40
|t Технологии Microsoft в теории и практике программирования
|o сборник трудов X Всероссийской научно-практической конференции студентов, аспирантов и молодых ученых, г.Томск, 19-20 марта 2013 г.
|f Национальный исследовательский Томский политехнический университет (ТПУ), Институт кибернетики ; ред. кол. А. В. Лиепиньш и др.
|v [С. 95-97]
|d 2013
|
| 610 |
1 |
|
|a электронный ресурс
|
| 610 |
1 |
|
|a труды учёных ТПУ
|
| 610 |
1 |
|
|a статистический анализ
|
| 610 |
1 |
|
|a методы
|
| 610 |
1 |
|
|a задачи
|
| 610 |
1 |
|
|a бронхиальная астма
|
| 610 |
1 |
|
|a критерий Вилкоксона
|
| 610 |
1 |
|
|a статистические критерии
|
| 700 |
|
1 |
|a Мельникова
|b Ю. Д.
|g Юлия Дмитриевна
|
| 801 |
|
2 |
|a RU
|b 63413507
|c 20230517
|g RCR
|
| 856 |
4 |
|
|u http://www.lib.tpu.ru/fulltext/c/2013/C28/036.pdf
|
| 942 |
|
|
|c BK
|